Indian higher education and globalization / (Record no. 59982)

MARC details
000 -LEADER
fixed length control field 00881nam a22002417a 4500
005 - DATE AND TIME OF LATEST TRANSACTION
control field 20111226142829.0
008 - FIXED-LENGTH DATA ELEMENTS--GENERAL INFORMATION
fixed length control field 111226t xxu||||| |||| 00| 0 eng d
010 ## - LCCN (DPL NO)
LC control number ENG-104511
020 ## - INTERNATIONAL STANDARD BOOK NUMBER
International Standard Book Number 9788188865529
Terms of availability 700.00
035 ## - SYSTEM CONTROL NUMBER
System control number EN-88044
037 ## - SOURCE OF ACQUISITION
Source of stock number/acquisition DBAD/PUB
040 ## - CATALOGING SOURCE
Original cataloging agency DPL
Language of cataloging Eng
082 ## - DEWEY DECIMAL CLASSIFICATION NUMBER
Classification number 378.54
100 ## - MAIN ENTRY--PERSONAL NAME
9 (RLIN) 37371
245 00 - TITLE STATEMENT
Title Indian higher education and globalization /
Statement of responsibility, etc edited by Amrita Maheshwari
260 ## - PUBLICATION, DISTRIBUTION, ETC. (IMPRINT)
Place of publication, distribution, etc Delhi
Name of publisher, distributor, etc Gagandeep Publications
Date of publication, distribution, etc 2011
270 ## - ADDRESS
Address 212, Krishna Gali No. 2, Maujpur.
City Delhi
Postal code 110053
300 ## - PHYSICAL DESCRIPTION
Extent xiv,217p.
Dimensions 22cm (Hb)
500 ## - GENERAL NOTE
General note Includes bibliographical references
700 ## - ADDED ENTRY--PERSONAL NAME
Personal name Maheshwari, Amrita
9 (RLIN) 37593
942 ## - ADDED ENTRY ELEMENTS (KOHA)
Source of classification or shelving scheme Dewey Decimal Classification
Item type English Books
Call number suffix IND
Classification part 378.54
Holdings
Withdrawn status Lost status Source of classification or shelving scheme Damaged status Not for loan Collection code Home library Current library Date acquired Source of acquisition Cost, normal purchase price Total Checkouts Full call number Barcode Date last seen Copy number Cost, replacement price Koha item type
    Dewey Decimal Classification   Not For Loan Non-fiction D.B.Act.Division D.B.Act.Division 26/12/2011 DBAD / PUB 700.00   378.54 IND EN-88044 26/12/2011 1 700.00 English Books

© Delhi Public Library
Hit Counter
free hit counter